Normal view MARC view
  • Schools

Entry Topical Term

Number of records used in: 2

001 - CONTROL NUMBER

  • control field: 47158

003 - CONTROL NUMBER IDENTIFIER

  • control field: NUST

005 - DATE AND TIME OF LATEST TRANSACTION

  • control field: 20210314133730.0

008 - FIXED-LENGTH DATA ELEMENTS

  • fixed length control field: 210314|| aca||aabn | a|a d

040 ## - CATALOGING SOURCE

  • Original cataloging agency: NUST
  • Transcribing agency: NUST

150 ## - HEADING--TOPICAL TERM

  • Topical term or geographic name entry element: Schools
  • Geographic subdivision: Pakistan

670 ## - SOURCE DATA FOUND

  • Source citation: Work cat.: (NUST): 47156, Educational guide of Pakistan., c1999-
© 2023 Central Library, National University of Sciences and Technology. All Rights Reserved.